000 00249nam a22001097a 4500
008 170124b xxu||||| |||| 00| 0 eng d
020 _a9780924674877
041 _aeng
080 _a618.2
245 _aTHE DEPO PRINCIPLE
_cWOODS, M.S
942 _2udc
_cBK
999 _c3544
_d3544